00413nam a22001337a 450000500170000002000220001703500130003903700130005210000170006524501040008226000480018630000240023470000210025820120416130223.0 a8170008089c00.00 aA-759167 aDPLbENG aSingh, Gopal aReservation politics in India :bMandalisation of the society /cby Gopal Singh and Hari Lal Sharma aNew DelhibDeep and Deep Publicationsc1995 avii, 174p.c18 cms. aSharma, Hari Lal